000 00468nam a2200157 i 4500
001 83031
003 ES-MaACL
005 20230906174752.0
007 t|
008 041115q1928 sp ||||1| spa d
245 0 0 _aInstrucciones para el análisis de tierras /
_cformuladas por la Estación Agronómica Central.
260 _a[Madrid :
_bs.n.,
_c1928?]
300 _a24 p. ;
_c23 cm.
710 2 _aEstación Agronómica Central.
_94012
852 _aES-MaACL
_j1727-F-19
999 _c83031
_d83031